LEADER 01873nam a2200361 4500 001 000000347868 003 CaOOAMICUS 005 20211021114020.0 008 210917s2009 it a 000 u ita r 020 $a978-952-5576-08-5 040 $aSeMil$bita 245 03$aLa coscienza di Gino : $besperienza musicale e arte di vivere : saggi in onore di Gino Stefani $ca cura di Dario Martinelli e Francesco Spampinato. 246 0 $aEssays in honour of Gino Stefani 246 0 $aEssais en l'honneur de Gino Stefani 264 1$aHelsinki :$bUmweb Publications ;$aRoma :$bUniversità di Roma Tor Vergata [etc.],$c2009. 300 $a384 p. :$bill. ;$c21 cm 541 0 $aOmaggio mons. Mario Delpini (3Q II 158) 600 14$aStefani, Gino <1929-2019>.$0(OLS)http://semarc/subject/50498 650 4$aMusica - Semiologia.$0(OLS)http://semarc/subject/50499 700 1 $aSpampinato, Francesco,$d<1977- >.$0(OLS)http://semarc/name/114694 700 1 $aStefani, Gino,$d<1929-2019>.$0(OLS)http://semarc/name/9781 700 1 $aMartinelli, Dario.$0(OLS)http://semarc/name/114693 850 $aSeMil 852 $aSeMil$W1$xVenegono$y1$m3Q II 158$j229755$B238914$CSeMilBibl$Z2$F238914 $81 941 1 $a7 961 $aOmaggio mons. Mario Delpini 996 $6020$a978-952-5576-08-5$9(OLS)http://semarc/number/294121 996 $6246$aEssays in honour of Gino Stefani$9(OLS)http://semarc/title/437438 996 $6246$aEssais en l'honneur de Gino Stefani$9(OLS)http://semarc/title/437437 996 $6245$aLa coscienza di Gino : $besperienza musicale e arte di vivere : saggi in onore di Gino Stefani $9(OLS)http://semarc/title/437173 996 $6264$aHelsinki :$bUmweb Publications$9(OLS)http://semarc/publisher/60136 996 $6264$aRoma :$bUniversità di Roma Tor Vergata [etc.]$9(OLS)http://semarc/publisher/60137 LEADER 00702naa a2200157 i 4500 001 000000298674 003 CaOOAMICUS 005 20180831172629.0 008 180831n xx u000 u und u 013 $a6285 040 $aSeMil$bita 100 1 $aCalabrese, Gianfranco.$0(OLS)http://semarc/name/30147 245 10$aCentralità del mistero pasquale di Cristo nell'ecclesiologia e nella mariologia. 650 4$aEcclesiologia.$0(OLS)http://semarc/subject/42996 773 0 $tGesù Cristo morto e risorto per noi consegna lo spirito.$dLeumann (TO) : Elledici, 1998.$z88-01-00996-8$w()61819 996 $6245$aCentralità del mistero pasquale di Cristo nell'ecclesiologia e nella mariologia$9(OLS)http://semarc/title/374691